Normal view
MARC view
- أ.دال ،روبرت ؛ ترجمة ابو زيد ،علا؛ مراجعة هلال ،على الدين
Entry Personal Name
001 - CONTROL NUMBER
- control field: 35555
003 - CONTROL NUMBER IDENTIFIER
- control field: JO-AjAnu
005 - DATE AND TIME OF LATEST TRANSACTION
- control field: 20230606075938.0
008 - FIXED-LENGTH DATA ELEMENTS
- fixed length control field: 230606|| aca||aabn | a|a d
040 ## - CATALOGING SOURCE
- Original cataloging agency: JO-AjAnu
- Transcribing agency: JO-AjAnu
100 ## - HEADING--PERSONAL NAME
- Personal name: أ.دال ،روبرت ؛ ترجمة ابو زيد ،علا؛ مراجعة هلال ،على الدين
670 ## - SOURCE DATA FOUND
- Source citation: Work cat.: (JO-AjAnu)18259: أ.دال ،روبرت ؛ ترجمة ابو زيد ،علا؛ مراجعة هلال ،على الدين , author, التحليل السياسي الحديث